Govt. of
Madhya Pradesh

Solid State Physics (Record no. 33091)

MARC details
000 -LEADER
fixed length control field 004420000a22001810004500
003 - CONTROL NUMBER IDENTIFIER
control field MACL
005 - DATE AND TIME OF LATEST TRANSACTION
control field 20160123152355.0
008 - FIXED-LENGTH DATA ELEMENTS--GENERAL INFORMATION
fixed length control field 160123b xxu||||| |||| 00| 0 eng d
040 ## - CATALOGING SOURCE
Original cataloging agency MACL
Transcribing agency MACL
041 ## - LANGUAGE CODE
Language code of text/sound track or separate title English
082 ## - DEWEY DECIMAL CLASSIFICATION NUMBER
Classification number 530.41/PUR
100 ## - MAIN ENTRY--PERSONAL NAME
Personal name Puri, R K
9 (RLIN) 34383
245 ## - TITLE STATEMENT
Title Solid State Physics
260 ## - PUBLICATION, DISTRIBUTION, ETC. (IMPRINT)
Name of publisher, distributor, etc. S Chand & Company LTD
Date of publication, distribution, etc. 1997
Place of publication, distribution, etc. New Delhi
350 ## - PRICE (NR) (BK AM CF MU VM SE) [OBSOLETE]
Price 65
650 ## - SUBJECT ADDED ENTRY--TOPICAL TERM
Topical term or geographic name as entry element Physics
9 (RLIN) 34384
942 ## - ADDED ENTRY ELEMENTS (KOHA)
Koha item type Books
Call number prefix 530.41/PUR
Source of classification or shelving scheme
Holdings
Withdrawn status Lost status Source of classification or shelving scheme Damaged status Not for loan Home library Current library Date acquired Cost, normal purchase price Total Checkouts Full call number Barcode Date last seen Uniform Resource Identifier Price effective from Koha item type
          MACL MACL 15/04/2015 65.00   530.41/PUR CLC001603 29/04/2015 33148 15/04/2015 Books